01129cam a22003734i 4500003000900000005001700009008004100026020001500067035002700082040003300109082001900142100002500161245008400186264006300270300003900333336002100372337002500393338002300418490004600441504002800487505009800515526001000613526001000623526001000633526001000643526000800653526000800661526000800669526000800677526000800685526000800693526000800701630004600709PE-LiUPU20250731172938.0150623s1992 miu rb 000 0 eng d a1871828171 a(Sirsi) i9781871828177 aPE-LiUPUbspacPE-LiUPUerda04a221.7bITC2211 aCairns, Ian,eautor.10aDeuteronomy :ba commentary on the book of; word and presence.n5 /cIan Caims. 1aMichigan :bWilliam B. Eerdmans Publishing Company,c1992. a309 páginas ;c21 centímetros. atext2rdacontent aunmediated2rdamedia avolume2rdacarrier0 aInternational Theological Commentary ;v5 aIncluye bibliografía.0 aThe first speech of Moses.- The second speech of Moses.- The third speech of Moses. -Addenda. aSEG42 aSEG41 aSEG40 aSEG39 aP94 aP87 aP86 aP85 aP77 aP76 aP35 aBiblia.pA.T.pDeuteronomioxComentarios.